Bezpečnosť IS/IT v organizácii so zreteľom na legislatívne normy EÚ a smernice Európskeho parlamentu

Salvato in:
Dettagli Bibliografici
Autore principale: Juriková, Benita, 1973-
Natura: Capitolo di libro
Lingua:slovacco
Tags: Aggiungi Tag
Nessun Tag, puoi essere il primo ad aggiungerne!!

MARC

LEADER 00000naa$a2200000$$$4500
001 0061220
005 20240502071702.1
041 0 |a slo 
044 |a SK 
245 1 0 |a Bezpečnosť IS/IT v organizácii so zreteľom na legislatívne normy EÚ a smernice Európskeho parlamentu  |c Benita Juriková 
100 1 |a Juriková, Benita, 1973-